Fundamentals of Project Management / (Record no. 32178)

000 -LEADER
fixed length control field 00507 a2200193 4500
003 - CONTROL NUMBER IDENTIFIER
control field OSt
005 - DATE AND TIME OF LATEST TRANSACTION
control field 20260219125419.0
008 - FIXED-LENGTH DATA ELEMENTS--GENERAL INFORMATION
fixed length control field 260219b ||||| |||| 00| 0 eng d
020 ## - INTERNATIONAL STANDARD BOOK NUMBER
International Standard Book Number 9781400235261
040 ## - CATALOGING SOURCE
Transcribing agency .
082 ## - DEWEY DECIMAL CLASSIFICATION NUMBER
Classification number 658.404
Item number H4339
100 ## - MAIN ENTRY--PERSONAL NAME
9 (RLIN) 6647
Personal name Heagney, Joseph
245 ## - TITLE STATEMENT
Title Fundamentals of Project Management /
Statement of responsibility, etc. Joseph Heagney
250 ## - EDITION STATEMENT
Edition statement 6th ed.
260 ## - PUBLICATION, DISTRIBUTION, ETC.
Name of publisher, distributor, etc. HarperCollins Leadership,
Place of publication, distribution, etc. USA :
Date of publication, distribution, etc. 2022.
300 ## - PHYSICAL DESCRIPTION
Extent 272 p.
650 #0 - SUBJECT ADDED ENTRY--TOPICAL TERM
9 (RLIN) 2103
Topical term or geographic name entry element Project management
942 ## - ADDED ENTRY ELEMENTS (KOHA)
Source of classification or shelving scheme
Koha item type Books
Holdings
Withdrawn status Lost status Source of classification or shelving scheme Damaged status Not for loan Collection code Permanent Location Current Location Shelving location Date acquired Source of acquisition Cost, normal purchase price Full call number Barcode Date last seen Cost, replacement price Price effective from Koha item type
          Non-fiction IMU Kolkata IMU Kolkata Reference 2026-03-17 30 1121.14 658.404 H4339 14878 2026-03-17 1808.30 2026-03-17 Books
          Non-fiction IMU Kolkata IMU Kolkata   2026-03-17 30 1121.14 658.404 H4339 14879 2026-03-17 1808.30 2026-03-17 Books
          Non-fiction IMU Kolkata IMU Kolkata   2026-03-17 30 1121.14 658.404 H4339 14880 2026-03-17 1808.30 2026-03-17 Books
          Non-fiction IMU Kolkata IMU Kolkata   2026-03-17 30 1121.14 658.404 H4339 14881 2026-03-17 1808.30 2026-03-17 Books
Designed and Maintained by IMU-KC Library, Kolkata Campus © Copyright All Rights Reserved

webs counters

Powered by Koha